| Tag |
First Indicator |
Second Indicator |
Subfields |
| LEADER |
00000cam a2200000 i 4500 |
| 001 |
in00004134841 |
| 005 |
20210816145917.0 |
| 006 |
m o d f |
| 007 |
cr b|||||||||| |
| 008 |
191206s2019 dcu ob f000 0 eng c |
| 035 |
|
|
|a (OCoLC)on1129601725
|
| 042 |
|
|
|a pcc
|
| 043 |
|
|
|a n-us---
|
| 040 |
|
|
|a GPO
|b eng
|e rda
|e pn
|c GPO
|d OCLCF
|d GPO
|d MvI
|
| 049 |
|
|
|a WWW
|
| 050 |
|
4 |
|a KF27
|b .P8964 2017b
|
| 074 |
|
|
|a 1024-C-01 (online)
|
| 086 |
0 |
|
|a Y 4.T 68/2:115-6
|
| 110 |
1 |
|
|a United States.
|b Congress.
|b House.
|b Committee on Transportation and Infrastructure.
|b Subcommittee on Economic Development, Public Buildings, and Emergency Management,
|e author.
|
| 240 |
1 |
0 |
|a Building a 21st-century infrastructure for America (2017 March 16)
|
| 245 |
1 |
0 |
|a Building a 21st-century infrastructure for America :
|b the National Preparedness System : hearing before the Subcommittee on Economic Development, Public Buildings, and Emergency Management of the Committee on Transportation and Infrastructure, House of Representatives, One Hundred Fifteenth Congress, first session, March 16, 2017.
|
| 246 |
3 |
|
|a Building a twenty-first-century infrastructure for America :
|b the National Preparedness System
|
| 246 |
3 |
0 |
|a National Preparedness System
|
| 264 |
|
1 |
|a Washington :
|b U.S. Government Publishing Office,
|c 2019.
|
| 300 |
|
|
|a 1 online resource (xi, 99 pages)
|
| 336 |
|
|
|a text
|b txt
|2 rdacontent
|
| 337 |
|
|
|a computer
|b c
|2 rdamedia
|
| 338 |
|
|
|a online resource
|b cr
|2 rdacarrier
|
| 500 |
|
|
|a "115-6."
|
| 504 |
|
|
|a Includes bibliographical references.
|
| 588 |
|
|
|a Description based on online resource; title from PDF title page (govinfo, viewed on Dec. 06, 2019).
|
| 610 |
1 |
0 |
|a United States.
|b Federal Emergency Management Agency
|x Evaluation.
|
| 650 |
|
0 |
|a Emergency management
|z United States
|x Finance.
|
| 650 |
|
0 |
|a Preparedness
|x Government policy
|z United States.
|
| 650 |
|
0 |
|a National security
|z United States
|x Finance.
|
| 650 |
|
0 |
|a Grants-in-aid
|z United States.
|
| 610 |
1 |
7 |
|a United States.
|b Federal Emergency Management Agency.
|2 fast
|0 (OCoLC)fst00528615
|
| 650 |
|
7 |
|a Emergency management
|x Finance.
|2 fast
|0 (OCoLC)fst00908512
|
| 650 |
|
7 |
|a Evaluation.
|2 fast
|0 (OCoLC)fst00916975
|
| 650 |
|
7 |
|a Grants-in-aid.
|2 fast
|0 (OCoLC)fst00946429
|
| 650 |
|
7 |
|a National security
|x Finance.
|2 fast
|0 (OCoLC)fst01033720
|
| 651 |
|
7 |
|a United States.
|2 fast
|0 (OCoLC)fst01204155
|
| 655 |
|
7 |
|a Legislative hearings.
|2 fast
|0 (OCoLC)fst01910825
|
| 655 |
|
7 |
|a Legislative hearings.
|2 lcgft
|
| 776 |
0 |
8 |
|i Print version:
|a United States. Congress. House. Committee on Transportation and Infrastructure. Subcommittee on Economic Development, Public Buildings, and Emergency Management.
|s Building a 21st-century infrastructure for America (2017 March 16)
|w (OCoLC)1127536064
|
| 776 |
0 |
8 |
|i Microfiche version:
|a United States. Congress. House. Committee on Transportation and Infrastructure. Subcommittee on Economic Development, Public Buildings, and Emergency Management.
|s Building a 21st-century infrastructure for America (2017 March 16)
|w (OCoLC)1261318483
|
| 856 |
4 |
0 |
|u https://purl.fdlp.gov/GPO/gpo129472
|t 0
|
| 999 |
f |
f |
|s 9424d50d-b034-39ef-b329-0343affe0559
|i ccdfe3a8-facc-3ee2-b1f0-360026aafdfe
|t 0
|
| 952 |
f |
f |
|a Texas A&M University
|b College Station
|c Electronic Resources
|d Available Online
|t 0
|e Y 4.T 68/2:115-6
|h Superintendent of Documents classification
|
| 998 |
f |
f |
|a Y 4.T 68/2:115-6
|t 0
|l Available Online
|